The art and science of Web design

Gardado en:
Detalles Bibliográficos
Autor Principal: Veen, Jeffrey (Author)
Formato: Libro
Idioma:inglés
Publicado: Indianápolis New Riders 2001
Subjects:
Tags: Engadir etiqueta
Sen Etiquetas, Sexa o primeiro en etiquetar este rexistro!

MARC

LEADER 00000nam a2200000 a 4500
001 UCK4471
003 CL-VaPUC
008 050610e20010000US |||||||||||||||||eng|d
020 |a 0789723700 
082 0 4 |a 004.6  |b VEE  |2 21 
100 0 |a Veen, Jeffrey  |e author  |9 492961 
245 1 4 |a The art and science of Web design 
300 |a 259 p 
942 |c BK 
945 |d 20050610 00:00:00  |a cmena 
260 |a Indianápolis  |b New Riders  |c 2001 
650 0 |a Páginas web  |x Diseño  |9 436463 
650 0 |a Páginas web  |9 386845 
583 |a last modification  |c 20050610 00:00:00  |k Rodrigo Vera 
999 |c 313304  |d 313302 
952 |0 0  |1 0  |4 0  |6 004_600000000000000_VEE_2001  |7 0  |8 A  |9 384567  |a BIBARQ  |b BIBARQ  |d 2019-11-22  |i 4136462  |l 3  |o 004.6 VEE 2001  |p 4136462  |r 2025-01-20  |s 2022-09-14  |w 2019-11-22  |y BK  |k ARQ